Transistor circuit design (Record no. 23504)

000 -LEADER
fixed length control field 00584nam a22002171 4500
001 - CONTROL NUMBER
control field 23504
003 - CONTROL NUMBER IDENTIFIER
control field BD-DhUET
008 - FIXED-LENGTH DATA ELEMENTS--GENERAL INFORMATION
fixed length control field 721219s1963 nyua b 000 0 eng
040 ## - CATALOGING SOURCE
Original cataloging agency DLC
Transcribing agency DLC
Modifying agency BD-DhUET
082 ## - DEWEY DECIMAL CLASSIFICATION NUMBER
Classification number 623.8151
Item number TEX/1963
110 ## - MAIN ENTRY--CORPORATE NAME
Corporate name or jurisdiction name as entry element Texas Instruments Incorporated
245 10 - TITLE STATEMENT
Title Transistor circuit design
250 ## - EDITION STATEMENT
Edition statement 1st ed.
260 ## - PUBLICATION, DISTRIBUTION, ETC. (IMPRINT)
Place of publication, distribution, etc. New York
Name of publisher, distributor, etc. McGraw-Hill
Date of publication, distribution, etc. 1963
300 ## - PHYSICAL DESCRIPTION
Extent xi, 523 p.
Other physical details ill.
Dimensions 26 cm.
504 ## - BIBLIOGRAPHY, ETC. NOTE
Bibliography, etc Includes bibliographies
650 #0 - SUBJECT ADDED ENTRY--TOPICAL TERM
Topical term or geographic name as entry element Transistor : Electronics
700 ## - ADDED ENTRY--PERSONAL NAME
Personal name Walston, Joseph A.
700 ## - ADDED ENTRY--PERSONAL NAME
Personal name Miller, John R.
942 ## - ADDED ENTRY ELEMENTS (KOHA)
Koha item type Corporate Publication
Holdings
Koha date last seen Copy number Koha item type Koha full call number Sublocation or collection (holding branch) Piece designation (barcode) Date acquired Koha normalized classification for sorting Source of classification or shelving scheme Shelving location Price effective from Lost status Damaged status Location (home branch) Not for loan Withdrawn status
2015-05-041Corporate Publication623.8151/TEX/1963 Central Library, BUET306102015-05-04623_815100000000000_TEX_1963 Circulation section2015-05-04  Central Library, BUET  
2015-05-042Corporate Publication623.8151/TEX/1963Central Library, BUET306072015-05-04623_815100000000000_TEX_1963 Circulation section2015-05-04  Central Library, BUET  
2015-05-043Corporate Publication623.8151/TEX/1963 Central Library, BUET306122015-05-04623_815100000000000_TEX_1963 Circulation section2015-05-04  Central Library, BUET  
2015-05-044Corporate Publication623.8151/TEX/1963Central Library, BUET306132015-05-04623_815100000000000_TEX_1963 Circulation section2015-05-04  Central Library, BUET  
2015-05-045Corporate Publication623.8151/TEX/1963 Central Library, BUET266872015-05-04623_815100000000000_TEX_1963 Circulation section2015-05-04  Central Library, BUET  
2015-05-076Corporate Publication623.8151/TEX/1963Central Library, BUET306082015-05-07623_815100000000000_TEX_1963 Circulation section2015-05-07  Central Library, BUET  
2015-05-077Corporate Publication623.8151/TEX/1963Central Library, BUET306062015-05-07623_815100000000000_TEX_1963 Circulation section2015-05-07  Central Library, BUET  
2015-05-078Corporate Publication623.8151/TEX/1963Central Library, BUET306092015-05-07623_815100000000000_TEX_1963 Circulation section2015-05-07  Central Library, BUET  
2015-06-259Corporate Publication623.8151/TEX/1963Central Library, BUET306042015-06-25623_815100000000000_TEX_1963 Reading section2015-06-25  Central Library, BUET  
2015-06-2510Corporate Publication623.8151/TEX/1963Central Library, BUET99682015-06-25623_815100000000000_TEX_1963 Reading section2015-06-25  Central Library, BUET  
2015-06-2511Corporate Publication623.8151/TEX/1963Central Library, BUET306052015-06-25623_815100000000000_TEX_1963 Reading section2015-06-25  Central Library, BUET